| 000 | 01294cam a2200277 4500 | ||
|---|---|---|---|
| 008 | 000000n2001 000 0 eng u | ||
| 020 | _a041523185X | ||
| 035 | _a(Sirsi) u111927 | ||
| 041 | _aeng. | ||
| 050 | _a711.12 | ||
| 110 |
_aLandscape Institute _9134 |
||
| 245 | _aGuidelines for landscape and visual impact assessment. | ||
| 250 | _a2nd ed. | ||
| 260 |
_aLondon _bSpon Press _c2001 |
||
| 300 |
_a166p. _c26cm. |
||
| 350 | _a35.00 | ||
| 520 | _aGood practice guidelines which provide advice on assessing the landscape and visual impacts of development projects. Uses an iterative, assessment-based approach to design developing for all types and scales of development. Specific issues covered include: integration of landscape and visual issues into the development process; the need for a transparent approach to landscape and visual impact assessment; and reviewing the landscape and visual components of an Environmental Impact Statement. | ||
| 650 | _aDEVELOPMENT | ||
| 650 | _aENVIRONMENTAL ASSESSMENT | ||
| 650 | _aLANDSCAPE ASSESSMENT | ||
| 650 | _aVISUAL IMPACT ASSESSMENT | ||
| 650 | _aENVIRONMENTAL IMPACT ASSESSMENTS | ||
| 690 | _aENVIRONMENTAL AND LAND CONSULTANCY | ||
| 710 |
_aInstitute of Environmental Management and Assessment _94033 |
||
| 942 | _n0 | ||
| 999 |
_c101309 _d101309 |
||